La nueva teoría económica: una introducción a la teoría económica de John Maynard Keynes y a la política de pleno empleo
שמור ב:
| מחבר ראשי: | |
|---|---|
| פורמט: | ספר |
| שפה: | ספרדית |
| יצא לאור: |
Buenos Aires
El Ateneo
1957
|
| סדרה: | Biblioteca de Ciencias Económicas
|
| נושאים: | |
| תגים: |
הוספת תג
אין תגיות, היה/י הראשונ/ה לתייג את הרשומה!
|
MARC
| LEADER | 00000nam a2200000 a 4500 | ||
|---|---|---|---|
| 001 | UCQ0893 | ||
| 003 | CL-VaPUC | ||
| 008 | 980703e19570000AG |||||||||||||||||spa|d | ||
| 082 | 0 | 4 | |a 330.01 |b PAU |2 21 |
| 100 | |a Paulsen, Andreas |e autor |9 414338 | ||
| 245 | 1 | 3 | |a La nueva teoría económica: una introducción a la teoría económica de John Maynard Keynes y a la política de pleno empleo |
| 300 | |a 453 p | ||
| 942 | |c BK | ||
| 945 | |d 19980703 00:00:00 |a crobeson | ||
| 260 | |a Buenos Aires |b El Ateneo |c 1957 | ||
| 600 | 0 | |a Keynes, John Maynard |d 1883-1946 |9 346359 | |
| 650 | 0 | |a Teoría económica |9 315055 | |
| 650 | 0 | |a Economía |9 255568 | |
| 650 | 7 | |a KEYNESIANISMO |2 CL-VaPUC |9 414307 | |
| 650 | 7 | |a ECONOMISTAS |2 CL-VaPUC |9 334314 | |
| 650 | 0 | |a Economía financiera |9 359635 | |
| 650 | 0 | |a Economía internacional |9 258254 | |
| 650 | 7 | |a SISTEMAS MONETARIOS |2 CL-VaPUC |9 342366 | |
| 650 | 0 | |a Desarrollo económico y social |9 256320 | |
| 583 | |a last modification |c 19980703 00:00:00 |k Rodrigo Vera | ||
| 490 | 0 | |a Biblioteca de Ciencias Económicas | |
| 999 | |c 271920 |d 271918 | ||
| 952 | |0 0 |1 0 |4 0 |6 330_010000000000000_PAU_1957 |7 0 |8 A |9 306713 |a BIBENE |b BIBENE |d 2019-11-20 |i 1429434 |o 330.01 PAU 1957 |p 1429434 |r 2025-01-15 |w 2019-11-20 |y BK |k ICO | ||